Catálogo
 En Linea

Los cimarrones del Maniel de Neiba : (Registro nro. 17449)

Detalles MARC
000 -CABECERA
campo de control de longitud fija 00563nam a2200181 u 4500
001 - NÚMERO DE CONTROL
campo de control 000017925
003 - IDENTIFICADOR DEL NÚMERO DE CONTROL
campo de control OSt
005 - FECHA Y HORA DE LA ÚLTIMA TRANSACCIÓN
campo de control 20240308073618.0
008 - DATOS DE LONGITUD FIJA--INFORMACIÓN GENERAL
campo de control de longitud fija 100407s1985 dr 000 0 spa d
040 ## - FUENTE DE LA CATALOGACIÓN
Centro catalogador/agencia de origen DO-SdBNP
Lengua de catalogación spa
Centro/agencia transcriptor BNPHU
082 ## - NÚMERO DE LA CLASIFICACIÓN DECIMAL DEWEY
Número de clasificación xxxx
Número de documento/Ítem D325c
100 1# - ENTRADA PRINCIPAL--NOMBRE DE PERSONA
Nombre de persona Deive, Carlos Esteban,
Fechas asociadas al nombre 1935-2019
9 (RLIN) 1916
245 14 - MENCIÓN DE TÍTULO
Título Los cimarrones del Maniel de Neiba :
Resto del título historia y etnografía /
Mención de responsabilidad, etc. Carlos Esteban Deive.
260 ## - PUBLICACIÓN, DISTRIBUCIÓN, ETC.
Lugar de publicación, distribución, etc. Santo Domingo :
Nombre del editor, distribuidor, etc. Banco Central de la República Dominicana,
Fecha de publicación, distribución, etc. 1985.
300 ## - DESCRIPCIÓN FÍSICA
Extensión 199 p. ;
Dimensiones 23 cm.
942 ## - ELEMENTOS DE PUNTO DE ACCESO ADICIONAL (KOHA)
Fuente del sistema de clasificación o colocación Dewey Decimal Classification
Tipo de ítem Koha Libros y folletos
956 ## - LOCALIZACIÓN Y ACCESO ELECTRÓNICOS LOCAL (OCLC)
Nombre del host LOPEREZ
Existencias
Estado de retiro Estado de pérdida No para préstamo Código de colección Localización permanente Ubicación/localización actual Ubicación en estantería Fecha de adquisición Número de inventario Total de préstamos Signatura topográfica completa Código de barras Fecha visto por última vez Precio válido a partir de Tipo de ítem Koha Fuente del sistema de clasificación o colocación Fuente de adquisición Número de copia
      Patrimonio Dominicano General General Orden iniciada 14.08.2019 LF1   xxxx xxxx 17925-30 25.06.2020 25.06.2020 Libro y Folleto Colección Patrimonio Dominicano      
    Préstamo interno Patrimonio Dominicano Patrimonio Dominicano Patrimonio Dominicano En catalogación 07.04.2010 LF1   xxxx xxxx 17925-10 25.06.2020 25.06.2020 Libro y Folleto Colección Patrimonio Dominicano Dewey Decimal Classification Familia Reyes Duluc.  
    Préstamo interno Patrimonio Dominicano Patrimonio Dominicano Patrimonio Dominicano En catalogación 13.08.2019 LF1   xxxx xxxx 17925-20 25.06.2020 25.06.2020 Libro y Folleto Colección Patrimonio Dominicano Dewey Decimal Classification Familia Reyes Duluc. e. 2

Con tecnología Koha